| 000 | 01559cam a2200337 i 4500 | ||
|---|---|---|---|
| 001 | 15493739 | ||
| 003 | EG-ScBUE | ||
| 005 | 20241016090513.0 | ||
| 008 | 081022s2009 enkaf f b 001 0 eng d | ||
| 020 | _a0521519861 (hardback) | ||
| 020 | _a9780521519861 (hardback) | ||
| 035 | _a(OCoLC)ocn263409317 | ||
| 040 |
_aDLC _beng _erda _cDLC _dBTCTA _dYDXCP _dUKM _dYDX _dCDX _dC#P _dBWX _dBWK _dDLC _dEG-ScBUE |
||
| 082 | 0 | 4 |
_a515.353 _222 _bSCH |
| 100 | 1 |
_aSchiesser, W. E., _eauthor. _923418 |
|
| 245 | 1 | 2 |
_aA compendium of partial differential equation models : _bmethod of lines analysis with Matlab / _cWilliam E. Schiesser, Lehigh University, Bethlehem, PA, USA, Graham W. Griffiths, City University, London, UK. |
| 264 | 1 |
_aCambridge ; _aNew York : _bCambridge University Press, _c2009. |
|
| 300 |
_axiii, 474 pages, [2] pages of plates : _billustrations (some color) ; _c26 cm |
||
| 336 |
_2rdacontent _atext _btxt |
||
| 337 |
_aunmediated _2rdamedia _bn |
||
| 338 |
_avolume _bnc _2rdacarrier |
||
| 504 | _aIncludes bibliographical references and index. | ||
| 630 | 0 | 7 |
_aMATLAB. _2BUEsh _923419 |
| 650 | 7 |
_aDifferential equations, Partial _xMathematical models. _2BUEsh _923420 |
|
| 653 | _cApril2011 | ||
| 655 | _vReading book | ||
| 700 | 1 |
_aGriffiths, Graham W., _eauthor. _923421 |
|
| 856 | 4 | 1 |
_3Table of contents only _uhttp://www.loc.gov/catdir/toc/fy0905/2008045816.html |
| 942 |
_2ddc _cBB |
||
| 999 |
_c15201 _d15201 |
||